Basketball's stack offense /

Bibliographic Details
Main Author: Harkins, Harry L.
Format: Book
Language:English
Published: West Nyack, N.Y. : Parker Pub. Co., [1984]
Subjects:

MARC

Tag First Indicator Second Indicator Subfields
LEADER 00000pam a2200000 a 4500
001 in00000560721
005 20151014054048.0
008 840202s1984 nyua 00110 eng
010 |a  84003194  
020 |a 0130694517 :  |c $15.95 
035 |a (OCoLC)10430642 
035 |9 ACK4522AM 
039 0 |a 2  |b 3  |c 3  |d 3  |e 3 
040 |a DLC  |c DLC  |d TXA  |d UtOrBLW 
049 |a TXAM  |c [A08385508] 
050 0 0 |a GV889  |b .H332 1984 
082 0 |a 796.32/32  |2 19 
100 1 |a Harkins, Harry L. 
245 1 0 |a Basketball's stack offense /  |c Harry L. "Mike" Harkins. 
264 1 |a West Nyack, N.Y. :  |b Parker Pub. Co.,  |c [1984] 
264 4 |c ©1984 
300 |a 180 pages :  |b illustrations ;  |c 24 cm. 
336 |a text  |b txt  |2 rdacontent 
337 |a unmediated  |b n  |2 rdamedia 
338 |a volume  |b nc  |2 rdacarrier 
500 |a Includes index. 
650 0 |a Basketball  |x Offense. 
650 0 |a Basketball  |x Coaching. 
999 |a MARS 
999 f f |s b4fadea4-4fc1-38d4-9893-02ce6661a726  |i 3a9f02ec-224e-36ce-85a2-7f65c133ad7a  |t 0 
952 f f |p ric  |a Texas A&M University  |b Rellis Campus  |c Joint Library Facility  |d Remote Storage  |t 0  |e GV889 .H332 1984  |h Library of Congress classification  |i unmediated -- volume  |m A14808385508 
998 f f |a GV889 .H332 1984  |t 0  |l Remote Storage